[Event "DVM U12 2016"]
[Site "Magdeburg GER"]
[Date "2016.12.28"]
[Round "4"]
[White "Zeltner, Richard"]
[Black "Wagner, Victoria"]
[Result "0-1"]
[Termination "normal"]
[Board "7.3"]
[WhiteElo "1404"]
[BlackElo "1474"]
[WhiteTeam "SC Erlangen"]
[BlackTeam "Erfurter SK"]
[PlyCount "62"]
[WhiteFideId "12972703"]
[BlackFideId "16232348"]
[EventCountry "GER"]
[EventRounds "7"]
[EventType "team-swiss"]
[EventDate "2016.12.26"]

1. e4 c5 2. Nf3 d6 3. d4 cxd4 4. Nxd4 Nf6 5. Nc3 a6 6. Bg5 e6 7. f4 Nbd7 8. e5
dxe5 9. fxe5 Nxe5 10. Ne4 Be7 11. Bd3 Nxe4 12. Bxe7 Qxe7 13. Bxe4 Qh4+ 14. Kd2
Qxe4 15. Kc1 Nc6 16. Nb3 O-O 17. Nd2 Qe3 18. Re1 Qg5 19. Kb1 Rd8 20. Re2 e5 21.
Qe1 Bg4 22. Rf2 Rd7 23. Ne4 Rad8 24. a3 Qg6 25. Nd2 Bf5 26. Ka2 Be6+ 27. Kb1
Qh6 28. Kc1 e4 29. Qxe4 Rxd2 30. Rxd2 Qxd2+ 31. Kb1 Qd1# 0-1

[Event "DVM U12 2016"]
[Site "Magdeburg GER"]
[Date "2016.12.28"]
[Round "4"]
[White "Wagner, Margarethe"]
[Black "Wu, Wilfried"]
[Result "1/2-1/2"]
[Termination "normal"]
[Board "7.4"]
[WhiteElo "1295"]
[BlackElo "1241"]
[WhiteTeam "Erfurter SK"]
[BlackTeam "SC Erlangen"]
[PlyCount "105"]
[WhiteFideId "16236947"]
[BlackFideId "16260775"]
[EventCountry "GER"]
[EventRounds "7"]
[EventType "team-swiss"]
[EventDate "2016.12.26"]

1. e4 e5 2. Nf3 Nc6 3. Bb5 Bc5 4. O-O Nf6 5. d3 h6 6. h3 a6 7. Bxc6 dxc6 8.
Nxe5 O-O 9. Be3 Bd4 10. Nc4 b5 11. Bxd4 Qxd4 12. c3 Qc5 13. Ne3 Re8 14. d4 Qb6
15. e5 Nd5 16. Nxd5 cxd5 17. Nd2 c5 18. Nf3 Bb7 19. Rc1 Rad8 20. Re1 a5 21. a3
c4 22. Qd2 Ba6 23. Nh4 Qe6 24. Qc2 Rb8 25. Qf5 b4 26. Qxe6 fxe6 27. axb4 axb4
28. Rb1 bxc3 29. bxc3 Rb3 30. Rxb3 cxb3 31. Rb1 Rb8 32. Rb2 Bc4 33. Nf3 Ra8 34.
Nd2 Ra2 35. Rxb3 Bxb3 36. Nxb3 Ra3 37. Nc5 Kf7 38. Kf1 Rxc3 39. Ke2 g6 40. Kd2
Ra3 41. Ke2 g5 42. Kd2 Ra2+ 43. Ke3 Rb2 44. Kf3 Rb6 45. Nd7 Rb4 46. Ke3 Rb3+
47. Ke2 Kg6 48. Nc5 Rb6 49. Nd7 Rb7 50. Nc5 Re7 51. Kf3 h5 52. Ke3 Kf5 53. Ke2
1/2-1/2

[Event "DVM U12 2016"]
[Site "Magdeburg GER"]
[Date "2016.12.28"]
[Round "4"]
[White "Meier, Silas"]
[Black "Lutz, Ruben"]
[Result "0-1"]
[Termination "normal"]
[Board "8.1"]
[WhiteElo "1535"]
[BlackElo "1843"]
[WhiteTeam "Schachakademie Paderborn"]
[BlackTeam "USV TU Dresden"]
[PlyCount "118"]
[WhiteFideId "16210662"]
[BlackFideId "12975974"]
[EventCountry "GER"]
[EventRounds "7"]
[EventType "team-swiss"]
[EventDate "2016.12.26"]

1. e4 e6 2. d4 d5 3. exd5 exd5 4. Bd3 Bd6 5. Ne2 Bg4 6. Be3 Nf6 7. f3 Bh5 8.
Qd2 Nbd7 9. Nbc3 c6 10. O-O-O Qc7 11. Rde1 O-O-O 12. Bf4 Bg6 13. Bxd6 Qxd6 14.
Nf4 Nb6 15. Nxg6 hxg6 16. h3 Nh5 17. Ne2 Rhe8 18. g4 Ng3 19. Rhg1 Nxe2+ 20.
Rxe2 Rxe2 21. Qxe2 Qf4+ 22. Kb1 Qxd4 23. Re1 Na4 24. c3 Qb6 25. Qc2 Nc5 26. Re7
Nxd3 27. Qxd3 Rd7 28. Re8+ Kc7 29. Qd4 Qxd4 30. cxd4 g5 31. Kc2 Kd6 32. Kd2 Re7
33. Rh8 b6 34. h4 gxh4 35. Rxh4 c5 36. g5 cxd4 37. Rxd4 Kc5 38. Rd3 Re5 39.
Rc3+ Kd6 40. f4 Re4 41. Ra3 a5 42. Rf3 Ke6 43. f5+ Ke5 44. f6 g6 45. Rc3 Kf5
46. Rc7 Kxg5 47. Rxf7 Re6 48. Rd7 Kxf6 49. Rxd5 g5 50. Rd8 g4 51. Rf8+ Kg5 52.
Rg8+ Kf4 53. Rf8+ Kg3 54. b3 Kg2 55. Rf7 g3 56. Rf8 Kg1 57. Rf7 g2 58. Rf5 Rh6
59. Ke2 Kh1 0-1

[Event "DVM U12 2016"]
[Site "Magdeburg GER"]
[Date "2016.12.28"]
[Round "4"]
[White "Lutz, Adam"]
[Black "Nourzad, Shayan"]
[Result "1-0"]
[Termination "normal"]
[Board "8.2"]
[WhiteElo "1743"]
[BlackElo "1274"]
[WhiteTeam "USV TU Dresden"]
[BlackTeam "Schachakademie Paderborn"]
[PlyCount "69"]
[WhiteFideId "16226615"]
[BlackFideId "16274890"]
[EventCountry "GER"]
[EventRounds "7"]
[EventType "team-swiss"]
[EventDate "2016.12.26"]

1. e4 e6 2. d4 d5 3. Nc3 Nf6 4. e5 Nfd7 5. Nf3 c5 6. dxc5 Bxc5 7. Bd3 Nc6 8.
Bf4 Qb6 9. O-O Qxb2 10. Nb5 Bb6 11. Bd2 Ndxe5 12. Bc3 Nxd3 13. Qxd3 Nb4 14.
Bxb2 Nxd3 15. cxd3 O-O 16. Ba3 Rd8 17. Nd6 Rb8 18. Nb5 Bd7 19. Nc3 Bc7 20. Rac1
Bc6 21. Nd4 Bd7 22. Nxd5 Bxh2+ 23. Kxh2 exd5 24. Rc7 a6 25. Be7 Rbc8 26. Bxd8
Rxd8 27. Rxb7 h6 28. Rc7 Bg4 29. f3 Bh5 30. Nc6 Re8 31. Ne7+ Kh7 32. Nxd5 Bg6
33. Nf4 f6 34. Nxg6 Kxg6 35. d4 1-0

[Event "DVM U12 2016"]
[Site "Magdeburg GER"]
[Date "2016.12.28"]
[Round "4"]
[White "Seedorf, Jasper Ole"]
[Black "Günther, Fabian"]
[Result "1/2-1/2"]
[Termination "normal"]
[Board "8.3"]
[WhiteElo "785"]
[BlackElo "1255"]
[WhiteTeam "Schachakademie Paderborn"]
[BlackTeam "USV TU Dresden"]
[PlyCount "151"]
[BlackFideId "16240294"]
[EventCountry "GER"]
[EventRounds "7"]
[EventType "team-swiss"]
[EventDate "2016.12.26"]

1. d4 d5 2. Bf4 Nf6 3. Nf3 Bg4 4. e3 e6 5. Be2 Bd6 6. Bxd6 cxd6 7. Nc3 O-O 8.
O-O Nc6 9. Nd2 Bxe2 10. Qxe2 Nb4 11. Rac1 Rc8 12. Qb5 Qb6 13. Qxb6 axb6 14. a3
Na6 15. Na4 b5 16. Nc3 e5 17. Nxb5 Rc6 18. dxe5 dxe5 19. Nf3 e4 20. Ne5 Re6 21.
f4 exf3 22. Nxf3 Rxe3 23. Nd6 b6 24. Nf5 Re2 25. N3d4 Re4 26. Nb3 g6 27. Nd6
Re6 28. Nb5 Rc8 29. N5d4 Rd6 30. Nb5 Rdc6 31. N3d4 Ng4 32. Nxc6 Rxc6 33. h3 Ne3
34. Rfe1 Nxc2 35. Re8+ Kg7 36. Re2 Nd4 37. Rxc6 Nxc6 38. Rd2 Ne7 39. Nd6 Kf6
40. Rf2+ Nf5 41. Nxf5 gxf5 42. Rc2 Nc5 43. b4 Ne6 44. Rc6 b5 45. Ra6 Ke5 46.
Ra5 Nd4 47. a4 bxa4 48. Rxa4 f6 49. Ra7 Nc6 50. Ra4 Nd4 51. Ra5 Nc6 52. Ra4 Nd4
53. Ra7 Nc6 54. Rb7 Kd6 55. b5 Na5 56. Ra7 Nc4 57. Ra6+ Kc7 58. Rc6+ Kb7 59.
Rc5 Ne3 60. Kf2 Kb6 61. Rc1 Nc4 62. Rb1 Na3 63. Rd1 Nxb5 64. Rxd5 Nc7 65. Rxf5
Ne8 66. Kg3 Kc6 67. Kg4 Kd6 68. Kh5 Ng7+ 69. Kg4 Nxf5 70. Kxf5 Ke7 71. g4 Kf7
72. g5 fxg5 73. Kxg5 Kg7 74. h4 h6+ 75. Kg4 Kg6 76. h5+ 1/2-1/2

[Event "DVM U12 2016"]
[Site "Magdeburg GER"]
[Date "2016.12.28"]
[Round "4"]
[White "Pfefferkorn, Paul"]
[Black "Li, Xianquan"]
[Result "1-0"]
[Termination "normal"]
[Board "8.4"]
[WhiteElo "1033"]
[BlackElo "856"]
[WhiteTeam "USV TU Dresden"]
[BlackTeam "Schachakademie Paderborn"]
[PlyCount "81"]
[WhiteFideId "16255330"]
[BlackFideId "16284356"]
[EventCountry "GER"]
[EventRounds "7"]
[EventType "team-swiss"]
[EventDate "2016.12.26"]

1. e4 e6 2. Nf3 Nc6 3. Nc3 Nf6 4. Be2 d5 5. e5 Nd7 6. d4 Bb4 7. Bd2 Qe7 8. a3
Bxc3 9. Bxc3 b6 10. O-O Bb7 11. Bd2 O-O-O 12. b4 f6 13. exf6 Qxf6 14. Bg5 Qf7
15. Bxd8 Rxd8 16. c4 Qe7 17. Re1 Ba6 18. b5 Bb7 19. bxc6 Bxc6 20. cxd5 exd5 21.
Ba6+ Bb7 22. Bxb7+ Kxb7 23. Rxe7 Kc6 24. Rxg7 Nf6 25. Ng5 Rd7 26. Rxd7 Kxd7 27.
Qa4+ c6 28. Qxa7+ Kd6 29. Nxh7 Ke6 30. Nxf6 Kxf6 31. Qxb6 Kf5 32. Qxc6 Ke4 33.
f3+ Kf4 34. Qf6+ Ke3 35. Qg5+ Kd3 36. Rd1+ Kc2 37. Qd2+ Kb3 38. Qd3+ Kb2 39.
Rd2+ Kc1 40. Qc3+ Kb1 41. Qb2# 1-0

[Event "DVM U12 2016"]
[Site "Magdeburg GER"]
[Date "2016.12.28"]
[Round "4"]
[White "Waffenschmidt, Lars"]
[Black "Breitzmann, Sander"]
[Result "1-0"]
[Termination "normal"]
[Board "9.1"]
[WhiteElo "1526"]
[BlackElo "1705"]
[WhiteTeam "SK Bebenhausen"]
[BlackTeam "SV Empor Berlin"]
[PlyCount "79"]
[WhiteFideId "16244656"]
[BlackFideId "12987085"]
[EventCountry "GER"]
[EventRounds "7"]
[EventType "team-swiss"]
[EventDate "2016.12.26"]

1. e4 e5 2. Nf3 Nc6 3. Bc4 Bc5 4. c3 Nf6 5. d4 exd4 6. cxd4 Bb4+ 7. Nc3 Nxe4 8.
O-O Bxc3 9. d5 Ne5 10. bxc3 Nxc4 11. Qd4 O-O 12. Qxe4 Nd6 13. Qd3 b5 14. Ba3
Qf6 15. Rfe1 Bb7 16. Rad1 Rfe8 17. Bxd6 Qxd6 18. Ng5 Qg6 19. Qxb5 Qxg5 20. Qxb7
h5 21. Qxc7 Rxe1+ 22. Rxe1 Qd2 23. Rf1 Qxd5 24. a3 a5 25. Re1 Qd2 26. Rb1 Re8
27. g3 Re2 28. Qc5 d5 29. Rb5 Re5 30. Qd4 Qg5 31. Kg2 f6 32. Rxa5 Qf5 33. Rb5
g5 34. Rb8+ Kf7 35. Qb4 Qe4+ 36. Qxe4 Rxe4 37. Rb4 Re2 38. Kf3 Ra2 39. Rb3 Ke6
40. Ke3 1-0

[Event "DVM U12 2016"]
[Site "Magdeburg GER"]
[Date "2016.12.28"]
[Round "4"]
[White "Nitsche, Nikolai"]
[Black "Marx, Benedikt"]
[Result "1-0"]
[Termination "normal"]
[Board "9.2"]
[WhiteElo "1314"]
[BlackElo "1289"]
[WhiteTeam "SV Empor Berlin"]
[BlackTeam "SK Bebenhausen"]
[PlyCount "113"]
[WhiteFideId "16221036"]
[BlackFideId "16255690"]
[EventCountry "GER"]
[EventRounds "7"]
[EventType "team-swiss"]
[EventDate "2016.12.26"]

1. d4 Nf6 2. Bf4 g6 3. Nf3 Bg7 4. e3 d6 5. Be2 O-O 6. h3 Nfd7 7. c3 e5 8. dxe5
dxe5 9. Bg5 Qe8 10. O-O a6 11. Nbd2 Nc6 12. Qc2 h6 13. Bh4 g5 14. Bg3 f5 15.
Rfe1 e4 16. Bc4+ Kh8 17. Nd4 Nxd4 18. exd4 Qd8 19. Rad1 c6 20. Bd6 Rf6 21. Be5
Nxe5 22. dxe5 Rf8 23. Nxe4 Qc7 24. Nd6 Bxe5 25. Rxe5 b5 26. Be2 Kg8 27. Bd3 Kg7
28. Bxf5 Bxf5 29. Rxf5 Rad8 30. Rxf8 Kxf8 31. Qf5+ Kg8 32. Qg6+ Kf8 33. Qxh6+
Kg8 34. Qxg5+ Kf8 35. g3 Rxd6 36. Rxd6 Qxd6 37. Qf4+ Qxf4 38. gxf4 Kg7 39. h4
Kg6 40. Kg2 Kf5 41. h5 a5 42. b4 axb4 43. cxb4 Kf6 44. Kg3 Kf5 45. f3 Kf6 46.
Kg4 Kg7 47. f5 Kf6 48. h6 Kf7 49. Kg5 Kg8 50. f6 c5 51. bxc5 b4 52. c6 b3 53.
axb3 Kh7 54. c7 Kg8 55. c8=Q+ Kh7 56. Qd7+ Kg8 57. Qg7# 1-0

[Event "DVM U12 2016"]
[Site "Magdeburg GER"]
[Date "2016.12.28"]
[Round "4"]
[White "Kroh, Franz Alexander"]
[Black "Beer, Ludwig"]
[Result "1-0"]
[Termination "normal"]
[Board "9.3"]
[WhiteElo "1277"]
[BlackElo "1235"]
[WhiteTeam "SK Bebenhausen"]
[BlackTeam "SV Empor Berlin"]
[PlyCount "101"]
[BlackFideId "16202813"]
[EventCountry "GER"]
[EventRounds "7"]
[EventType "team-swiss"]
[EventDate "2016.12.26"]

1. e4 c5 2. c3 d6 3. d4 cxd4 4. cxd4 Nd7 5. Nc3 Ngf6 6. Bc4 g6 7. Nf3 Bg7 8.
Be3 O-O 9. Qd2 b6 10. Bh6 Bb7 11. Bxg7 Kxg7 12. d5 Rc8 13. Bd3 Nc5 14. Rc1 b5
15. b4 Nxd3+ 16. Qxd3 Qb6 17. O-O a5 18. a3 Ba6 19. Rfe1 Rc4 20. Na2 Rfc8 21.
Rxc4 bxc4 22. Qe3 Qxe3 23. Rxe3 axb4 24. axb4 e6 25. dxe6 fxe6 26. e5 Nd5 27.
Ra3 Rc6 28. Nd4 Rb6 29. Nxe6+ Kf7 30. Ng5+ Kg7 31. exd6 Rxd6 32. Ne4 Re6 33. f3
c3 34. Nexc3 Re1+ 35. Kf2 Rf1+ 36. Kg3 Nxc3 37. Nxc3 Rc1 38. Rxa6 Rxc3 39. Ra7+
Kg8 40. Rb7 Rb3 41. b5 Kh8 42. b6 Kg8 43. h3 Rb5 44. f4 h6 45. Kf3 h5 46. Ke4
Kf8 47. Kd4 Ke8 48. Kc4 Rf5 49. g3 Kd8 50. Rg7 Rf6 51. b7 1-0

[Event "DVM U12 2016"]
[Site "Magdeburg GER"]
[Date "2016.12.28"]
[Round "4"]
[White "Eulenstein, Conrad"]
[Black "Öz, Mert"]
[Result "1/2-1/2"]
[Termination "normal"]
[Board "9.4"]
[WhiteElo "1133"]
[BlackElo "1216"]
[WhiteTeam "SV Empor Berlin"]
[BlackTeam "SK Bebenhausen"]
[PlyCount "85"]
[BlackFideId "16255704"]
[EventCountry "GER"]
[EventRounds "7"]
[EventType "team-swiss"]
[EventDate "2016.12.26"]

1. e4 c5 2. Nc3 Nc6 3. g3 g6 4. Bg2 Bg7 5. d3 d6 6. Be3 Nf6 7. h3 O-O 8. Nf3
Bd7 9. O-O Rb8 10. Qd2 Qc8 11. Kh2 b5 12. Bh6 b4 13. Ne2 Rd8 14. Rg1 Qc7 15.
Kh1 d5 16. exd5 Nxd5 17. Rab1 Nf6 18. g4 Bxg4 19. hxg4 Nxg4 20. Be3 Bd4 21.
Nexd4 Nxd4 22. Bf4 e5 23. Bg3 Nf5 24. Bh3 Nxg3+ 25. Rxg3 Nf6 26. Qe2 Re8 27.
Ng5 h6 28. Ne4 Nxe4 29. Qxe4 Qb7 30. Qxb7 Rxb7 31. Re1 Kh7 32. Bg2 Rc7 33. Rge3
f6 34. f4 Rce7 35. fxe5 Rxe5 36. Rxe5 Rxe5 37. Rxe5 fxe5 38. Be4 Kg7 39. Kg2
Kf6 40. Kg3 Kg5 41. Bd5 Kf5 42. Be4+ Kg5 43. Bd5 1/2-1/2

[Event "DVM U12 2016"]
[Site "Magdeburg GER"]
[Date "2016.12.28"]
[Round "4"]
[White "Franke, Josef"]
[Black "Stockmann, Till"]
[Result "0-1"]
[Termination "normal"]
[Board "10.1"]
[WhiteElo "1034"]
[BlackElo "1688"]
[WhiteTeam "SK Neumarkt"]
[BlackTeam "VfL Gräfenhainchen"]
[PlyCount "68"]
[BlackFideId "12979341"]
[EventCountry "GER"]
[EventRounds "7"]
[EventType "team-swiss"]
[EventDate "2016.12.26"]

1. e4 c5 2. Be2 d6 3. d3 Nf6 4. Be3 g6 5. Nd2 Bg7 6. c4 O-O 7. Bf3 Nc6 8. Ne2
Ne5 9. O-O Nxd3 10. Qb3 Ne5 11. Nf4 Nxf3+ 12. gxf3 Nd7 13. Kh1 Ne5 14. Rg1 b6
15. Nd3 Nc6 16. Bg5 Nd4 17. Qa4 Bd7 18. Qd1 f5 19. Qe1 Nc2 20. Qe2 Nxa1 21.
Rxa1 Rf7 22. Rg1 Qf8 23. Re1 h6 24. Be3 f4 25. Bxf4 Rxf4 26. Nxf4 Qxf4 27. Rg1
g5 28. Qd3 Rf8 29. a3 Be5 30. Rg2 Bh3 31. Rg3 Qh4 32. Rg1 Qxf2 33. Nf1 Bxf1 34.
Qd5+ Kh8 0-1

[Event "DVM U12 2016"]
[Site "Magdeburg GER"]
[Date "2016.12.28"]
[Round "4"]
[White "Henseler, Sebastian"]
[Black "Quinque, Pepe"]
[Result "0-1"]
[Termination "normal"]
[Board "10.3"]
[WhiteElo "769"]
[BlackElo "872"]
[WhiteTeam "SK Neumarkt"]
[BlackTeam "VfL Gräfenhainchen"]
[PlyCount "48"]
[BlackFideId "16255550"]
[EventCountry "GER"]
[EventRounds "7"]
[EventType "team-swiss"]
[EventDate "2016.12.26"]

1. e4 e5 2. Bc4 Nf6 3. Nc3 Nc6 4. Nf3 Nxe4 5. Nxe4 d5 6. Bb5 dxe4 7. Bc4 Bc5 8.
Ng5 Qxg5 9. d4 Qxg2 10. Rf1 Bxd4 11. Qe2 Bg4 12. Qd2 O-O 13. Qg5 h6 14. Qd2
Rfd8 15. f3 Bc3 16. Qxc3 exf3 17. Be3 Nd4 18. O-O-O c5 19. Bxd4 exd4 20. Qd3 f2
21. Rd2 Re8 22. Rdxf2 Qxf2 23. Rxf2 Re1+ 24. Kd2 Rd1# 0-1

[Event "DVM U12 2016"]
[Site "Magdeburg GER"]
[Date "2016.12.28"]
[Round "4"]
[White "Grunemann, Jonas"]
[Black "Reger, Christoph"]
[Result "1-0"]
[Termination "normal"]
[Board "10.4"]
[WhiteElo "1019"]
[BlackElo "920"]
[WhiteTeam "VfL Gräfenhainchen"]
[BlackTeam "SK Neumarkt"]
[PlyCount "65"]
[WhiteFideId "16255577"]
[BlackFideId "16287606"]
[EventCountry "GER"]
[EventRounds "7"]
[EventType "team-swiss"]
[EventDate "2016.12.26"]

1. e4 e5 2. Nf3 Nc6 3. Nc3 Bc5 4. Nxe5 Bxf2+ 5. Kxf2 Nxe5 6. Be2 d6 7. Rf1 Nf6
8. d4 Neg4+ 9. Kg1 O-O 10. h3 Nh6 11. Bg5 Bd7 12. e5 dxe5 13. dxe5 Nf5 14. Nd5
h6 15. Nxf6+ Kh8 16. Nxd7 Qxg5 17. Nxf8 Ne3 18. Rf2 Nxd1 19. Rxd1 Rxf8 20. Bd3
Rd8 21. Rdf1 Qxe5 22. Rxf7 Qe3+ 23. R7f2 Rf8 24. a3 Rxf2 25. Rxf2 Qb6 26. Kf1
g5 27. Rf8+ Kg7 28. Rf5 Kg6 29. Rb5+ Kh5 30. Rxb6 cxb6 31. Be2+ Kh4 32. Kg1 a5
33. Kh2 1-0

[Event "DVM U12 2016"]
[Site "Magdeburg GER"]
[Date "2016.12.29"]
[Round "5"]
[White "Toval, David"]
[Black "Nguyen, Alex Dac-Vuong"]
[Result "0-1"]
[Termination "normal"]
[Board "1.1"]
[WhiteElo "1739"]
[BlackElo "2098"]
[WhiteClock "00:01:00"]
[BlackClock "01:03:56"]
[WhiteTeam "SK Münster"]
[BlackTeam "BSG Grün-Weiß Leipzig"]
[PlyCount "62"]
[WhiteFideId "12992755"]
[BlackFideId "12984388"]
[EventCountry "GER"]
[EventRounds "7"]
[EventType "team-swiss"]
[EventDate "2016.12.26"]

1. e4 e6 2. d4 d5 3. Nd2 Nf6 4. e5 Nfd7 5. Bd3 c5 6. c3 Nc6 7. Ne2 cxd4 8. cxd4
f6 9. Nf4 Qe7 10. Qh5+ Qf7 11. Bg6 hxg6 12. Qxh8 Nxd4 13. O-O Nxe5 14. Qh3 Bd7
15. Nb3 Ndc6 16. Re1 O-O-O 17. a3 g5 18. Nd3 Nxd3 19. Qxd3 e5 20. Bd2 Bd6 21.
Rac1 Kb8 22. Nc5 Bc8 23. Rc3 e4 24. Qb5 d4 25. Na6+ Ka8 26. Rb3 Qh5 27. g3 Rh8
28. Kf1 d3 29. Rxe4 Nd4 30. Rxd4 Qd1+ 31. Kg2 Bh3# 0-1

[Event "DVM U12 2016"]
[Site "Magdeburg GER"]
[Date "2016.12.29"]
[Round "5"]
[White "Wagner, Leopold Franziskus"]
[Black "Kamp, Adrian"]
[Result "1-0"]
[Termination "normal"]
[Board "1.2"]
[WhiteElo "1769"]
[BlackElo "1751"]
[WhiteTeam "BSG Grün-Weiß Leipzig"]
[BlackTeam "SK Münster"]
[PlyCount "117"]
[WhiteFideId "1641581"]
[BlackFideId "16222466"]
[EventCountry "GER"]
[EventRounds "7"]
[EventType "team-swiss"]
[EventDate "2016.12.26"]

1. d4 d5 2. c4 c6 3. Nc3 Nf6 4. e3 Bf5 5. Nf3 e6 6. Bd3 Bxd3 7. Qxd3 Nbd7 8.
O-O Bd6 9. c5 Bc7 10. Nd2 e5 11. b4 a6 12. a4 O-O 13. Bb2 b6 14. Nb3 e4 15. Qe2
Qb8 16. h3 bxc5 17. Nxc5 Qxb4 18. Nxa6 Qa5 19. Nxc7 Qxc7 20. Qc2 Nb6 21. Rfb1
Nc4 22. Bc1 Nd7 23. Nxe4 Rfe8 24. Nd2 Ndb6 25. Nxc4 Nxc4 26. Bd2 Reb8 27. Rxb8+
Rxb8 28. Bc3 Ra8 29. Qa2 Qe7 30. Be1 h6 31. a5 Qc7 32. Qa4 Ra6 33. Qb4 Qa7 34.
Qb3 Qc7 35. e4 f6 36. exd5 cxd5 37. Qb4 Qa7 38. Bc3 Qc7 39. Qb5 Qd6 40. Bb4 Qe6
41. Re1 Qc6 42. Qb8+ Kh7 43. Re7 Nxa5 44. Qg3 Qc1+ 45. Be1 Qg5 46. Qd3+ f5 47.
Qxa6 Qxe7 48. Qxa5 Qe4 49. Qc3 f4 50. Qd2 g5 51. f3 Qe8 52. Qd3+ Kg7 53. Kf1
Qc6 54. Qe2 Kf7 55. Kg1 Qa4 56. Qe5 Qb3 57. Kh2 Qc4 58. h4 Kg6 59. Ba5 1-0

[Event "DVM U12 2016"]
[Site "Magdeburg GER"]
[Date "2016.12.29"]
[Round "5"]
[White "Schröder, Lennart"]
[Black "Haufe, Laurin"]
[Result "0-1"]
[Termination "normal"]
[Board "1.3"]
[WhiteElo "1503"]
[BlackElo "1661"]
[WhiteClock "01:00:15"]
[BlackClock "00:56:06"]
[WhiteTeam "SK Münster"]
[BlackTeam "BSG Grün-Weiß Leipzig"]
[PlyCount "60"]
[WhiteFideId "16222490"]
[BlackFideId "12976504"]
[EventCountry "GER"]
[EventRounds "7"]
[EventType "team-swiss"]
[EventDate "2016.12.26"]

1. d4 Nf6 2. Nf3 c5 3. c4 e6 4. g3 Be7 5. Bg2 O-O 6. O-O d6 7. Nc3 a6 8. Qd3
Qc7 9. e4 Nbd7 10. Bf4 cxd4 11. Ne2 Nc5 12. Qb1 e5 13. Bg5 Ncxe4 14. b3 h6 15.
Bxf6 Nxf6 16. Rd1 Be6 17. Nd2 Rac8 18. Nc1 Qd7 19. Nd3 Bf5 20. Bf1 e4 21. Ne1
e3 22. Qb2 exd2 23. Rxd2 Ne4 24. Rdd1 Bf6 25. Qc1 d3 26. Rb1 d2 27. Qa3 Nc3 28.
Ra1 Nxd1 29. Rxd1 dxe1=Q 30. Rxe1 Rfe8 0-1

[Event "DVM U12 2016"]
[Site "Magdeburg GER"]
[Date "2016.12.29"]
[Round "5"]
[White "Rose, Noah"]
[Black "Van Lindt, Raffael"]
[Result "1-0"]
[Termination "normal"]
[Board "1.4"]
[WhiteElo "1547"]
[BlackElo "1049"]
[WhiteTeam "BSG Grün-Weiß Leipzig"]
[BlackTeam "SK Münster"]
[PlyCount "71"]
[WhiteFideId "12990191"]
[BlackFideId "12998834"]
[EventCountry "GER"]
[EventRounds "7"]
[EventType "team-swiss"]
[EventDate "2016.12.26"]

1. e4 e5 2. Nf3 Nc6 3. Bc4 Bc5 4. c3 Nf6 5. d4 exd4 6. cxd4 Bb4+ 7. Nc3 Nxe4 8.
O-O Bxc3 9. d5 Bf6 10. Re1 Ne7 11. Rxe4 d6 12. g4 O-O 13. g5 Be5 14. Nxe5 dxe5
15. Rxe5 Ng6 16. Re1 b6 17. Bb3 Bb7 18. Be3 Qd7 19. Qd4 Rad8 20. Rad1 c6 21. f3
cxd5 22. Rf1 Rfe8 23. Rde1 Qf5 24. Rd1 Ne5 25. Qf4 Qxf4 26. Bxf4 Ng6 27. Bg3
Ne5 28. Bxe5 Rxe5 29. f4 Re4 30. Rfe1 Rxe1+ 31. Rxe1 d4 32. Re7 d3 33. Rxb7 d2
34. Kf2 h6 35. Ke2 hxg5 36. fxg5 1-0

[Event "DVM U12 2016"]
[Site "Magdeburg GER"]
[Date "2016.12.29"]
[Round "5"]
[White "Kotyk, Michael"]
[Black "Pahl, Erik"]
[Result "1-0"]
[Termination "normal"]
[Board "2.1"]
[WhiteElo "1889"]
[BlackElo "1741"]
[WhiteClock "00:53:48"]
[BlackClock "00:58:34"]
[WhiteTeam "Hamburger SK"]
[BlackTeam "Delmenhorster SK"]
[PlyCount "97"]
[WhiteFideId "16214501"]
[BlackFideId "16201272"]
[EventCountry "GER"]
[EventRounds "7"]
[EventType "team-swiss"]
[EventDate "2016.12.26"]

1. d4 Nf6 2. c4 g6 3. Nc3 Bg7 4. e4 d6 5. f4 O-O 6. Nf3 c5 7. d5 e6 8. Be2 exd5
9. cxd5 Re8 10. Qc2 Nxe4 11. Nxe4 Bf5 12. Bd3 Bxe4 13. Bxe4 f5 14. Ng5 fxe4 15.
Ne6 Qh4+ 16. g3 Qe7 17. Qxe4 Nd7 18. O-O Nf6 19. Qf3 Nxd5 20. Nxg7 Kxg7 21.
Qxd5 Rad8 22. Bd2 Qf7 23. Bc3+ Kg8 24. Rad1 b5 25. Qxf7+ Kxf7 26. b4 Re3 27.
Rc1 Re2 28. Rf2 Rde8 29. bxc5 dxc5 30. Be5 Rxf2 31. Kxf2 c4 32. Ke3 Rc8 33. Bc3
Ke6 34. Rb1 a6 35. a4 Rb8 36. Kd4 Kd6 37. axb5 axb5 38. Bb4+ Kc6 39. g4 Rd8+
40. Ke4 Re8+ 41. Kf3 Rd8 42. f5 Rd3+ 43. Ke4 Rd8 44. f6 Re8+ 45. Kf4 Kd5 46. f7
Ra8 47. Rd1+ Ke6 48. f8=Q Rxf8+ 49. Bxf8 1-0

[Event "DVM U12 2016"]
[Site "Magdeburg GER"]
[Date "2016.12.29"]
[Round "5"]
[White "Pahl, Theis"]
[Black "Weihrauch, Jakob"]
[Result "0-1"]
[Termination "normal"]
[Board "2.2"]
[WhiteElo "1729"]
[BlackElo "1848"]
[WhiteClock "00:09:23"]
[BlackClock "00:09:54"]
[WhiteTeam "Delmenhorster SK"]
[BlackTeam "Hamburger SK"]
[PlyCount "120"]
[WhiteFideId "16201264"]
[BlackFideId "16210115"]
[EventCountry "GER"]
[EventRounds "7"]
[EventType "team-swiss"]
[EventDate "2016.12.26"]

1. e4 c5 2. Nc3 a6 3. f4 b5 4. g3 Bb7 5. Bg2 e6 6. Nf3 b4 7. Ne2 Bxe4 8. d3 Bb7
9. O-O Nf6 10. b3 Be7 11. Bb2 O-O 12. Qd2 Qc7 13. Rae1 Nc6 14. Kh1 Rad8 15.
Neg1 d5 16. f5 c4 17. Qe3 Ng4 18. Qe2 c3 19. Bc1 exf5 20. Bf4 Qd7 21. h3 Nf6
22. Nh4 g6 23. Ngf3 Rfe8 24. Ne5 Nxe5 25. Qxe5 Qc6 26. Bg5 Nd7 27. Qxe7 Rxe7
28. Bxe7 Rc8 29. Bxb4 Qb6 30. Be7 Qc7 31. Kh2 Kg7 32. a4 Nc5 33. Bg5 Ne6 34.
Bc1 Nd4 35. Rf2 Bc6 36. Nf3 Nxf3+ 37. Bxf3 Qd6 38. Bf4 Qc5 39. Rfe2 Re8 40. Kg2
Rxe2+ 41. Rxe2 d4 42. Re1 a5 43. Kf2 Bxf3 44. Kxf3 Kf6 45. h4 Kg7 46. Kf2 h6
47. Bc1 f6 48. Re2 g5 49. Re1 Kg6 50. hxg5 fxg5 51. Re6+ Kg7 52. Re1 Qd6 53.
Rg1 Kg6 54. Re1 Kh5 55. Rh1+ Kg4 56. Rg1 Qd5 57. Ke2 Qf3+ 58. Ke1 h5 59. Ba3
Qe3+ 60. Kf1 Qd2 0-1

[Event "DVM U12 2016"]
[Site "Magdeburg GER"]
[Date "2016.12.29"]
[Round "5"]
[White "Klaas, Heiko"]
[Black "Sinnhöfer, Joshua"]
[Result "0-1"]
[Termination "normal"]
[Board "2.3"]
[WhiteElo "1573"]
[BlackElo "1486"]
[WhiteClock "01:03:34"]
[BlackClock "01:10:24"]
[WhiteTeam "Hamburger SK"]
[BlackTeam "Delmenhorster SK"]
[PlyCount "92"]
[WhiteFideId "16215940"]
[BlackFideId "16201361"]
[EventCountry "GER"]
[EventRounds "7"]
[EventType "team-swiss"]
[EventDate "2016.12.26"]

1. e4 e5 2. Nf3 Nc6 3. Bc4 Bc5 4. c3 Nf6 5. d4 exd4 6. cxd4 Bb4+ 7. Bd2 Nxe4 8.
Bxb4 Nxb4 9. Bxf7+ Kxf7 10. Qb3+ d5 11. Qxb4 Re8 12. O-O b6 13. Qb3 Ba6 14. Rd1
Bc4 15. Ne5+ Rxe5 16. Qf3+ Qf6 17. Qxf6+ gxf6 18. dxe5 fxe5 19. Na3 b5 20. Nxc4
dxc4 21. Rd7+ Ke6 22. Rxc7 Kd6 23. Rxh7 Kc5 24. f3 Nf6 25. Rd1 Nxh7 26. Rd7 Nf6
27. Rf7 Nd5 28. Kf2 a5 29. h4 Nf4 30. b3 cxb3 31. axb3 Kb4 32. Rf5 Kxb3 33. g3
a4 34. gxf4 a3 35. Rxe5 a2 36. Re3+ Kc4 37. Re4+ Kd5 38. Re5+ Kd6 39. Re1 b4
40. h5 b3 41. f5 b2 42. Re6+ Kd7 43. h6 b1=Q 44. h7 a1=Q 45. Re5 Qg1+ 46. Ke2
Qad1# 0-1